[Event "XII Campeonato Continental Absoluto de Ajedrez de las Americas Medellin 2017"]
[Site "Medellin,Colombia"]
[Date "2017.06.10"]
[Round "1"]
[White "Arias Santana, Mauricio"]
[Black "Oquendo, Eder"]
[Result "1-0"]
[WhiteElo "2292"]
[BlackElo "1884"]
[EventDate "2017.06.10"]
[Board "71"]
[PlyCount "24"]
[EventRounds "11"]
[EventCountry "COL"]

1. d4 d5 2. Nf3 Nf6 3. Bf4 e6 4. e3 c5 5. c3 Qb6 6. Qb3 c4 7. Qc2 Bd6 8.
Bxd6 Qxd6 9. Nbd2 b5 10. e4 dxe4 11. Nxe4 Nxe4 12. Qxe4 Qd5 1-0

[Event "XII Campeonato Continental Absoluto de Ajedrez de las Americas Medellin 2017"]
[Site "Medellin,Colombia"]
[Date "2017.06.13"]
[Round "5"]
[White "Zapata Arbelaez, Estiven"]
[Black "Cueto, Jose"]
[Result "1/2-1/2"]
[WhiteElo "2202"]
[BlackElo "2071"]
[EventDate "2017.06.10"]
[Board "64"]
[PlyCount "109"]
[EventRounds "11"]
[EventCountry "COL"]

1. d4 Nf6 2. c4 e6 3. Nc3 d5 4. Nf3 c6 5. g3 Be7 6. Bg2 O-O 7. O-O Nbd7 8.
b3 b6 9. Ne5 Bb7 10. e4 dxe4 11. Nxe4 Nxe5 12. dxe5 Nxe4 13. Bxe4 Qc7 14.
Bb2 c5 15. Qf3 Bxe4 16. Qxe4 Rad8 17. Rad1 Rxd1 18. Rxd1 Rd8 19. Rd3 Rxd3
20. Qxd3 Qd8 21. Qe2 Qd7 22. Bc3 g6 23. h4 h5 24. Kg2 Qc6+ 25. Kh2 Qd7 26.
Qf3 Kg7 27. Kg2 Kg8 28. Kf1 Kg7 29. Ke2 Bd8 30. Qe4 Kg8 31. Bd2 Kg7 32. Be3
Qc7 33. f3 Be7 34. Bf2 Bd8 35. g4 hxg4 36. fxg4 Be7 37. h5 Bg5 38. hxg6
fxg6 39. Be3 Bxe3 40. Kxe3 Qd7 41. Qf4 Qd8 42. g5 Qd7 43. Qf6+ Kh7 44. Ke2
Qe8 45. Kd3 Qd7+ 46. Kc2 Qe8 47. Kb2 Qd7 48. Ka3 Qe8 49. Qf3 Qd7 50. Qf8
Qd2 51. Qh6+ Kg8 52. Qxg6+ Kh8 53. Qh6+ Kg8 54. Qxe6+ Kh8 55. Qg6 1/2-1/2

[Event "XII Campeonato Continental Absoluto de Ajedrez de las Americas Medellin 2017"]
[Site "Medellin,Colombia"]
[Date "2017.06.15"]
[Round "8"]
[White "Cordero, Daniela"]
[Black "Harper, Ryan"]
[Result "1-0"]
[WhiteElo "1979"]
[BlackElo "2209"]
[EventDate "2017.06.10"]
[Board "51"]
[PlyCount "61"]
[EventRounds "11"]
[EventCountry "COL"]

1. d4 Nf6 2. Nf3 d5 3. c4 e6 4. g3 Be7 5. Bg2 O-O 6. Qc2 b6 7. cxd5 Nxd5 8.
O-O Bb7 9. a3 Nd7 10. h4 h6 11. e4 N5f6 12. Nc3 c5 13. d5 exd5 14. exd5
Nxd5 15. Nxd5 Bxd5 16. Rd1 Be6 17. Ne5 Qc7 18. Nxd7 Bxd7 19. Bf4 Qc8 20.
Bxa8 Bg4 21. f3 Qxa8 22. fxg4 Qf3 23. g5 hxg5 24. hxg5 c4 25. Rf1 Bc5+ 26.
Kh2 Qg4 27. Rac1 Rd8 28. Kg2 Rd3 29. Rcd1 Qd7 30. Rxd3 cxd3 31. Qd2 1-0

[Event "XII Campeonato Continental Absoluto de Ajedrez de las Americas Medellin 2017"]
[Site "Medellin,Colombia"]
[Date "2017.06.16"]
[Round "9"]
[White "Vazquez, Guillermo"]
[Black "Del Castilho, Martyn"]
[Result "1/2-1/2"]
[WhiteElo "2443"]
[BlackElo "2254"]
[EventDate "2017.06.10"]
[Board "26"]
[PlyCount "72"]
[EventRounds "11"]
[EventCountry "COL"]

1. Nf3 d5 2. g3 c6 3. Bg2 Bg4 4. c4 e6 5. cxd5 exd5 6. O-O Nf6 7. h3 Bxf3
8. Bxf3 Bd6 9. d3 O-O 10. e4 Nbd7 11. Bg2 Re8 12. Nc3 dxe4 13. dxe4 Nc5 14.
Qc2 Be5 15. Be3 Qa5 16. Rab1 Bxc3 17. Bxc5 Qxc5 18. bxc3 b5 19. Rfd1 Rad8
20. Rd3 h6 21. Rbd1 Rxd3 22. Rxd3 a5 23. Kh2 Qe7 24. Qb3 Nd7 25. Rd4 Nc5
26. Qd1 Ne6 27. Rd7 Rd8 28. Rxe7 Rxd1 29. Re8+ Kh7 30. e5 Rd2 31. Be4+ g6
32. Kg2 Rxa2 33. Bxc6 Rc2 34. Bxb5 Rxc3 35. Bd7 Nc5 36. Bc6 Kg7 1/2-1/2

[Event "XII Campeonato Continental Absoluto de Ajedrez de las Americas Medellin 2017"]
[Site "Medellin,Colombia"]
[Date "2017.06.16"]
[Round "9"]
[White "Blandon, Luis Guillermo"]
[Black "Chang, Suzana"]
[Result "1-0"]
[WhiteElo "2269"]
[BlackElo "2127"]
[EventDate "2017.06.10"]
[Board "58"]
[PlyCount "63"]
[EventRounds "11"]
[EventCountry "COL"]

1. e4 c5 2. Nf3 e6 3. d4 cxd4 4. Nxd4 Nc6 5. Nc3 Qc7 6. Be2 a6 7. O-O Nf6
8. Be3 Be7 9. f4 d6 10. Kh1 O-O 11. Qe1 Nxd4 12. Bxd4 b5 13. Qg3 Bb7 14. e5
Ne8 15. Bd3 dxe5 16. Bxe5 Bd6 17. Ne4 Bxe5 18. fxe5 f5 19. Ng5 Qb6 20. Rf4
h6 21. Nf3 Nc7 22. Qg6 Qe3 23. Rg4 Rf7 24. Nh4 fxg4 25. Qh7+ Kf8 26. Ng6+
Ke8 27. Qg8+ Kd7 28. Qxf7+ Kc8 29. Qf8+ Kd7 30. Qd6+ Kc8 31. Ne7+ Kb8 32.
Qd8+ 1-0

[Event "XII Campeonato Continental Absoluto de Ajedrez de las Americas Medellin 2017"]
[Site "Medellin,Colombia"]
[Date "2017.06.17"]
[Round "10"]
[White "Holliman, Bob"]
[Black "Sarmiento, Carolina"]
[Result "1-0"]
[WhiteElo "1898"]
[BlackElo "1618"]
[EventDate "2017.06.10"]
[Board "102"]
[PlyCount "32"]
[EventRounds "11"]
[EventCountry "COL"]

1. d4 d5 2. Nf3 Nf6 3. c3 e6 4. h3 b6 5. Bf4 Bd6 6. e3 O-O 7. Bd3 Bb7 8.
Nbd2 Bxf4 9. exf4 Nbd7 10. O-O Ne4 11. Qe2 f5 12. Rfe1 c5 13. Nf1 Rc8 14.
N3h2 Qf6 15. f3 cxd4 16. cxd4 Nd6 1-0

[Event "XII Campeonato Continental Absoluto de Ajedrez de las Americas Medellin 2017"]
[Site "Medellin,Colombia"]
[Date "2017.06.17"]
[Round "10"]
[White "Builes Palacio, Santiago"]
[Black "Echavarria, Gustavo"]
[Result "1-0"]
[WhiteElo "1756"]
[BlackElo "1902"]
[EventDate "2017.06.10"]
[Board "110"]
[PlyCount "65"]
[EventRounds "11"]
[EventCountry "COL"]

1. e4 c6 2. d4 d5 3. Nc3 dxe4 4. Nxe4 Bf5 5. Ng3 Bg6 6. h4 h6 7. Nf3 Nd7 8.
h5 Bh7 9. Bd3 Bxd3 10. Qxd3 Ngf6 11. Bd2 e6 12. O-O-O Bd6 13. Ne4 Nxe4 14.
Qxe4 Qb6 15. Ne5 Nf6 16. Qh4 Qc7 17. Nc4 O-O-O 18. Nxd6+ Qxd6 19. Bf4 Qd5
20. Kb1 Qxg2 21. Rdg1 Qf3 22. Be5 Rhg8 23. Rh3 Qf5 24. Qg3 Nxh5 25. Qa3 Nf6
26. Rb3 Qxf2 27. Rc1 Qe2 28. Qxa7 Qa6 29. Qb8+ Kd7 30. Qc7+ Ke8 31. Bxf6
gxf6 32. Rxb7 Qxb7 33. Qxb7 1-0

[Event "XII Campeonato Continental Absoluto de Ajedrez de las Americas Medellin 2017"]
[Site "Medellin,Colombia"]
[Date "2017.06.17"]
[Round "10"]
[White "Arosemena, Franklin Alberto"]
[Black "Cespedes Galindo, Estefania"]
[Result "1-0"]
[WhiteElo "1881"]
[BlackElo "1748"]
[EventDate "2017.06.10"]
[Board "112"]
[PlyCount "38"]
[EventRounds "11"]
[EventCountry "COL"]

1. e4 c5 2. Nf3 e6 3. d4 cxd4 4. c3 dxc3 5. Nxc3 Nc6 6. Bf4 d6 7. Be2 Nf6
8. O-O Be7 9. Qb3 Qb6 10. Qc2 O-O 11. Be3 Nb4 12. Qa4 Bd7 13. Bb5 Bxb5 14.
Nxb5 Qc6 15. Qxb4 a5 16. Qa4 Qxe4 17. Qxe4 Nxe4 18. a4 Rac8 19. Rac1 d5 1-0

[Event "XII Campeonato Continental Absoluto de Ajedrez de las Americas Medellin 2017"]
[Site "Medellin,Colombia"]
[Date "2017.06.18"]
[Round "11"]
[White "Palencia Morales, Wilson Guill"]
[Black "Salcedo, Pablo Esteban"]
[Result "1/2-1/2"]
[WhiteElo "2343"]
[BlackElo "2103"]
[EventDate "2017.06.10"]
[Board "39"]
[PlyCount "91"]
[EventRounds "11"]
[EventCountry "COL"]

1. d4 d5 2. Nc3 e6 3. e4 dxe4 4. Nxe4 Bd7 5. Nf3 Bc6 6. Bd3 Nf6 7. Bg5 Be7
8. Bxf6 gxf6 9. Qe2 Nd7 10. Bb5 Bxe4 11. Bxd7+ Qxd7 12. Qxe4 O-O-O 13.
O-O-O Qa4 14. Kb1 Rd6 15. b3 Qd7 16. Rd3 f5 17. Qe3 Rd8 18. Ne5 Qe8 19. d5
Kb8 20. dxe6 fxe6 21. Rxd6 cxd6 22. Nc4 Bf6 23. Re1 e5 24. Qd3 Qe6 25. Ne3
e4 26. Qd5 Qxd5 27. Nxd5 Be5 28. g3 b5 29. f3 exf3 30. Rf1 Rf8 31. Rxf3 Bd4
32. Ne7 Kc7 33. Nxf5 Be5 34. c3 Kd7 35. Kc2 Rc8 36. Kd2 Ke6 37. Nh4 Rc6 38.
Re3 Ra6 39. Nf3 Rxa2+ 40. Kd3 Kd5 41. Nd2 a5 42. c4+ bxc4+ 43. Nxc4 Rxh2
44. Nxa5 Rg2 45. Nc4 Rxg3 46. Rxg3 1/2-1/2

[Event "XII Campeonato Continental Absoluto de Ajedrez de las Americas Medellin 2017"]
[Site "Medellin,Colombia"]
[Date "2017.06.18"]
[Round "11"]
[White "Remicio Duque, John H."]
[Black "Agudelo, Carlos Daniel"]
[Result "0-1"]
[WhiteElo "2110"]
[BlackElo "1924"]
[EventDate "2017.06.10"]
[Board "77"]
[PlyCount "58"]
[EventRounds "11"]
[EventCountry "COL"]

1. e4 g6 2. d4 Bg7 3. f4 d6 4. Nf3 c5 5. Bb5+ Bd7 6. Bxd7+ Qxd7 7. O-O Nc6
8. Be3 Nf6 9. Nc3 cxd4 10. Nxd4 Ng4 11. Nxc6 Nxe3 12. Qd3 Nxf1 13. Nd4 Nxh2
14. Kxh2 O-O 15. Rf1 e5 16. Ndb5 exf4 17. Nd5 Be5 18. Kg1 Kh8 19. c3 f5 20.
Nd4 fxe4 21. Qxe4 Rae8 22. Rf3 Qg7 23. Qd3 Qf7 24. c4 Qg7 25. Nb5 g5 26.
Nbc7 g4 27. Nxe8 Rxe8 28. Rxf4 Bxf4 29. Nxf4 g3 0-1

[Event "XII Campeonato Continental Absoluto de Ajedrez de las Americas Medellin 2017"]
[Site "Medellin,Colombia"]
[Date "2017.06.18"]
[Round "11"]
[White "Sanchez, Jorge Luis"]
[Black "Guerrero, Hernando"]
[Result "1/2-1/2"]
[WhiteElo "2092"]
[BlackElo "1893"]
[EventDate "2017.06.10"]
[Board "79"]
[PlyCount "64"]
[EventRounds "11"]
[EventCountry "COL"]

1. e4 d5 2. exd5 Qxd5 3. Nc3 Qd6 4. Nf3 Nf6 5. Be2 Bg4 6. d3 c6 7. O-O Nbd7
8. Be3 e5 9. h3 Bh5 10. Ng5 Bg6 11. Nge4 Qc7 12. a4 Bb4 13. Qc1 O-O 14. Bf3
Nd5 15. Bd2 Nxc3 16. Nxc3 Be7 17. a5 a6 18. Re1 Rfe8 19. Na4 Rad8 20. Bc3
Bd6 21. Nb6 Nxb6 22. axb6 Qd7 23. Ra5 f6 24. Bg4 Qe7 25. Ra4 Bc5 26. Ba5
Rd4 27. Rxd4 Bxd4 28. Re2 Qd8 29. Qe1 Bxb6 30. Bd2 Bc7 31. Be3 Qd5 32. g3
f5 1/2-1/2

[Event "XII Campeonato Continental Absoluto de Ajedrez de las Americas Medellin 2017"]
[Site "Medellin,Colombia"]
[Date "2017.06.18"]
[Round "11"]
[White "Fuentes Godoy, Lilia Ivonne"]
[Black "Parmet, Daniel Edward"]
[Result "1-0"]
[WhiteElo "2088"]
[BlackElo "1870"]
[EventDate "2017.06.10"]
[Board "80"]
[PlyCount "45"]
[EventRounds "11"]
[EventCountry "COL"]

1. d4 d5 2. c4 c6 3. Nd2 Nf6 4. Ngf3 Bf5 5. Nh4 Be4 6. f3 Bg6 7. Qb3 Qc7 8.
g3 Nbd7 9. Bg2 e5 10. Qe3 O-O-O 11. Bh3 exd4 12. Qxd4 Bc5 13. Qxc5 Kb8 14.
Bxd7 Qxd7 15. O-O Qh3 16. Nb3 Nh5 17. Ng2 dxc4 18. Qxc4 Rhe8 19. g4 b5 20.
Qxc6 Rxe2 21. Qxb5+ Kc8 22. Qxe2 Bd3 23. Qf2 1-0